Vojna ako nás formoval konflikt

Bibliographic Details
Main Author: MacMillan, Margaret, 1943- (Author)
Other Authors: Sliz, Martin (Translator), Kantorová-Báliková, Jana, 1951- (Translator)
Format: Book
Language:Slovak
English
PhysicalDescription:350 strán, 16 strán obrazových príloh fotografie 21 cm
Published: Bratislava N Press, s.r.o. 2021
ISBN:9788082300478
Edition:Vydanie prvé
Subjects:

MARC

LEADER 00000cam a2200000 4500
001 vtls012082052
003 SK-MaSNL
005 20260301150807.0
008 211229s2021 xo o g 011 0 slo
015 |a SNBA2023/07 
020 |a 9788082300478  |q (viazané) 
040 |a SNK  |b slo  |c SNK  |e rda 
041 1 |a slo  |h eng 
044 |a xo  |c SK 
072 7 |a 327  |x Medzinárodné vzťahy, svetová politika  |2 konspekt 
072 7 |a 355/359  |x Vojenstvo. Obrana krajiny. Ozbrojené sily  |2 konspekt 
080 |a 327(100)  |2 2011 
080 |a 327.5  |2 2011 
080 |a 355.48  |2 2011 
080 |a 159.9  |2 2011 
080 |a (048.8)  |2 2011 
100 1 |a MacMillan, Margaret,  |d 1943-  |4 aut  |9 263296 
240 1 0 |a War: How Conflict Shaped Us  |l Slovensky 
245 1 0 |a Vojna  |b ako nás formoval konflikt  |c Margaret MacMillan ; z anglického originálu War: How Conflict Shaped Us ... preložil Martin Sliz 
250 |a Vydanie prvé 
264 1 |a Bratislava  |b N Press, s.r.o.  |c 2021 
300 |a 350 strán, 16 strán obrazových príloh  |b fotografie  |c 21 cm 
336 |a text  |b txt  |2 rdacontent 
337 |a bez média  |b n  |2 rdamedia 
338 |a zväzok  |b nc  |2 rdacarrier 
500 |a Obsahuje poznámku prekladateľa ; zoznam ilustrácií 
500 |a Obsahuje profesijné údaje o autorke na záložke prebalu publikácie 
504 |a Obsahuje bibliografiu na strane 317-330 a register 
650 0 7 |a svetová politika  |2 SNKPH  |9 3783 
650 0 7 |a medzinárodné konflikty  |2 SNKPH  |9 4477 
650 0 7 |a ozbrojené konflikty  |2 SNKPH  |9 4455 
650 0 7 |a Armed conflicts  |2 SNKPHeng  |9 311364 
650 0 7 |a World politics  |2 SNKPHeng  |9 286815 
650 0 7 |a International conflicts  |2 SNKPHeng  |9 344330 
650 0 7 |a psychológia  |2 SNKPH  |9 807 
650 0 7 |a Psychology  |2 SNKPHeng  |9 265291 
655 7 |a monografie  |2 SNKPH  |9 70139 
655 7 |a Monographs  |2 SNKPHeng  |9 120675 
700 1 |a Sliz, Martin  |4 trl  |9 160046 
700 1 |a Kantorová-Báliková, Jana,  |d 1951-  |4 trl  |9 160814 
852 |a Slovenská národná knižnica 
919 |a 978-80-8230-047-8 
954 |a odborná, vedecká literatúra cudzojazyčná (svetová)  |2 lita 
958 |a NB 
958 |a OP 
968 |b ENG 
999 |c 784656  |d 786586 
952 |a SNK  |b SNK  |y PREZ  |7 0  |p 17A1309718  |o snkSC 199065  |i snk2022/14142  |8 0  |0 0  |1 0  |4 0  |d 2022-09-16  |l 0  |r 2025-10-21 00:00:00  |w 2026-02-24 
952 |a SNK  |b SNK  |y VYP  |7 0  |p 17A1309719  |o snkSC 199065 D1  |i snk2022/14143  |8 0  |0 0  |1 0  |4 0  |d 2022-09-16  |l 0  |r 2026-02-24 01:16:28  |w 2026-02-24